Migajas espitituales / (Record no. 108512)

MARC details
000 -LEADER
campo de control de longitud fija 00578nam a2200181 4500
001 - NÚMERO DE CONTROL
campo de control 108512
003 - IDENTIFICADOR DE NÚMERO DE CONTROL
campo de control ES-MaACL
005 - FECHA Y HORA DE LA ÚLTIMA TRANSACCIÓN
campo de control 20230906184644.0
007 - CAMPO FIJO DE DESCRIPCIÓN FÍSICA--INFORMACIÓN GENERAL
campo de control de longitud fija t|
008 - DATOS DE LONGITUD FIJA--INFORMACIÓN GENERAL
campo de control de longitud fija 061121s1972 sp r ||||1| spa d
100 1# - ENTRADA PRINCIPAL--NOMBRE DE PERSONA
Nombre de persona Monier, Prósper.
9 (RLIN) 82211
245 10 - MENCIÓN DEL TÍTULO
Título Migajas espitituales /
Mención de responsabilidad, etc. Prósper Monier; prefacio de Leon Arthur Elchinger; traducción del francés por Eloy Requena.
260 ## - PUBLICACIÓN, DISTRIBUCIÓN, ETC.
Lugar de publicación, distribución, etc. Madrid :
Nombre del editor, distribuidor, etc. Studium,
Fecha de publicación, distribución, etc. 1972.
300 ## - DESCRIPCIÓN FÍSICA
Extensión 232 p. ;
Dimensiones 16 cm.
700 1# - ENTRADA AGREGADA--NOMBRE PERSONAL
Nombre de persona Elchinger, Leon Arthur.
9 (RLIN) 46910
700 1# - ENTRADA AGREGADA--NOMBRE PERSONAL
Nombre de persona Requena, Eloy.
9 (RLIN) 96289
852 ## - LOCALIZACIÓN
Ubicación ES-MaACL
Número de control de estantería C-53607
Sublocalización o colección R.84082
Holdings
Estatus retirado Estado de pérdida Estado de daño No para préstamo Biblioteca de origen Biblioteca actual Ubicación en estantería Fecha de adquisición Fuente de adquisición Total de préstamos Signatura topográfica completa Código de barras Visto por última vez Precio de reemplazo Tipo de ítem Koha
        Biblioteca del Ateneo de Madrid Biblioteca del Ateneo de Madrid Depósito 2 17/01/2008     C-53607 1113227 23/02/2023 23/02/2023 Libro impreso